Every Minecraft Wood Item - Statistics

General Stats
  • This quiz has been taken 191 times
  • The average score is 11 of 18
Answer Stats
Answer % Correct
Door
82%
Log
79%
Slab
79%
Stairs
79%
Wood
78%
Planks
76%
Fence
74%
Trapdoor
74%
Fence Gate
68%
Button
67%
Pressure Plate
61%
Boat
52%
Stripped Log
48%
Sign
40%
Stripped Wood
35%
Leaves
29%
Sapling
24%
Boat with Chest
14%
No matching quizzes found
Score Distribution
Percent of People with Each Score
Percentile by Number Answered
Your Score History
You have not taken this quiz